00580nam a2200205Ia 4500008004100000041000800041082001800049100002000067245003300087250000600120260004300126300000800169365001100177650001800188650001700206700002200223942001200245999001900257952009800276140306s9999 xx 000 0 und d aeng a332.1bNIR/BA aChandradas, S J aBanking and finanical system a3 aDelhibHimalaya Publishing Housec1997 a358 bRs.275 aCredit rating aMoney market aNirmala, Prasad K 2ddccBK c182748d182748 00102ddc4070aKAUCBVbKAUCBVg275.00l0o332.1 NIR/BAr2014-03-22 00:00:00w2014-03-22yBK